<The> History of government from the earliest times empires monarchies and the modern state

Gespeichert in:
Bibliographische Detailangaben
1. Verfasser: Finer, S.E
Format: Buch
Sprache:Englisch
Veröffentlicht: New York Oxford University Press 1999
Schlagworte:
Tags: Tag hinzufügen
Keine Tags, Fügen Sie das erste Tag hinzu!

MARC

LEADER 00000nam a2200000 4500
001 c141546
005 20221108123804.2
020 |a 0-19-820791-3 
041 0 |a eng 
044 |a US 
245 1 0 |a <The> History of government from the earliest times  |b empires monarchies and the modern state  |c S.E. Finer 
264 1 |a New York  |b Oxford University Press  |c 1999 
300 |a 640 s. 
610 2 0 |a štát 
610 2 0 |a vláda 
610 2 0 |a dejiny 
610 2 0 |a história 
610 2 0 |a demokracia 
610 2 0 |a revolúcia priemyselná 
610 2 0 |a industrializácia 
610 2 0 |a svet 
100 1 |a Finer, S.E.